Meist verkaufte Autos - Europa 2025 - Statistiken

Allgemein
  • Dieses Quiz wurde 75 mal gespielt
  • Das Durchschnittsergebnis liegt bei 3 aus 10
Antwortstatistiken
Neuzulassungen Modell % Korrekt
194.500 Volkswagen Golf
91%
210.100 Volkswagen T-Roc
35%
187.000 Volkswagen Tiguan
33%
165.800 Opel Corsa
32%
238.500 Dacia Sandero
25%
168.900 Dacia Duster
17%
229.300 Renault Clio
14%
190.000 Toyota Yaris Cross
14%
184.900 Peugeot 208
6%
171.000 Peugeot 2008
0%
Keine übereinstimmenden Quizze gefunden
Verteilung der Resultate
Anzahl Personen mit jedem Resultat
Perzentil nach korrekt beantworteten Fragen
Ihre Resultats-Entwicklung
Sie haben dieses Quiz noch nicht gespielt